Scottish Widows Fund and Life Assurance Company v BGC International (formerly Cantor Fitzgerald International) (Record no. 84175)

MARC details
000 -LEADER
fixed length control field 01240cab a22001935a 4500
001 - CONTROL NUMBER
control field L156846
008 - FIXED-LENGTH DATA ELEMENTS--GENERAL INFORMATION
fixed length control field 120719e2012 xxk 000 0 eng d
035 ## - SYSTEM CONTROL NUMBER
System control number (Sirsi) u156846
041 0# - LANGUAGE CODE
Language code of text/sound track or separate title eng
245 00 - TITLE STATEMENT
Title Scottish Widows Fund and Life Assurance Company v BGC International (formerly Cantor Fitzgerald International)
260 ## - PUBLICATION, DISTRIBUTION, ETC.
Date of publication, distribution, etc. 2012
520 ## - SUMMARY, ETC.
Summary, etc. [2012] EWCA Civ 607, 9 May 2012. Overturns a judgment allowing a sublease to be rewritten to give effect to what the judge thought the parties really intended. Respondent S sublet premises in London's Docklands to appellant B agreeing to subsidise the difference between the market rent and its rent liability for a period. The sublease led to a shortfall in the rent payable to B. S contended that there was a mistake in the sublease draft. "Held": appeal allowed. CA rejected S's rectification claim and found S liable for the shortfall.
590 ## - LOCAL NOTE (RLIN)
Local note KA
650 24 - SUBJECT ADDED ENTRY--TOPICAL TERM
Topical term or geographic name entry element SCOTTISH WIDOWS FUND & LIFE ASSURANCE SOCIETY V BGC INTERNATIONAL (FORMERLY CANTOR FITZGERALD INTERNATIONAL)
651 #4 - SUBJECT ADDED ENTRY--GEOGRAPHIC NAME
Geographic name England and Wales
Chronological subdivision 1543-
690 ## - LOCAL SUBJECT ADDED ENTRY--TOPICAL TERM (OCLC, RLIN)
Topical term or geographic name as entry element Landlord and tenant
9 (RLIN) 6252
856 40 - ELECTRONIC LOCATION AND ACCESS
Uniform Resource Identifier <a href="https://www.bailii.org/ew/cases/EWCA/Civ/2012/607.html">https://www.bailii.org/ew/cases/EWCA/Civ/2012/607.html</a>
Public note View the law report at www.bailii.org
942 ## - ADDED ENTRY ELEMENTS (KOHA)
Suppress in OPAC 0
Holdings
Withdrawn status Lost status Source of classification or shelving scheme Damaged status Not for loan Home library Current library Shelving location Date acquired Total Checkouts Full call number Barcode Date last seen Copy number Price effective from Koha item type
    Dewey Decimal Classification     Virtual Virtual Online 19/07/2012   ONLINE PUBLICATION 156846-2001 06/08/2019 1 06/08/2019 Law report